statistieken voor Congo-Kinshasa Trivia Quiz

Klik hier om de quiz te nemen!

Generale statistieken

  • Deze quiz is al 64 keer genomen
  • De gemiddelde score is 17 of 21

Antwoord statistieken

Hint Antwoord % Correct
Wat is de hoofdstad van de D. R. Congo?Kinshasa
100%
Aan welke rivier kan je deze twee steden vinden?Kongo
100%
Welk Europees land koloniseerde de DRC?België
98%
Welke Europese koning bezat de DRC als persoonlijk bezit en mishandelde het land?Leopold II
94%
Welke andere hoofdstad ligt slechts 8 km ten noorden van het bovenstaande?Brazzaville
92%
Wat is het enige Afrikaanse land dat groter is dan de DRC?Algerije
92%
Welke Afrikaanse taal wordt door veel mensen in het oostelijke deel van het land gesproken?Swahili
90%
Wat is het enige land dat op de evenaar ligt en groter is dan de DRC?Brazilië
90%
Wat is het grootste land dat aan de DRC grenst?Angola
90%
Wat is de voormalige naam van de DRC?Zaïre
90%
Wat is de officiële taal van de DRC?Frans
87%
Wat is de meest voorkomende religie van de DRCChristendom
81%
Welke ziekte werd vernoemd naar een rivier in de DRC?Ebola
77%
Welke twee metalen, beginnend met K, zijn de twee belangrijkste exportproducten van de DRC?Koper
75%
Welk girafachtige met strepen als een zebra is het nationale dier van de DRC?Okapi
71%
Welke twee metalen, beginnend met K, zijn de twee belangrijkste exportproducten van de DRC?Kobalt
69%
Wat is de hoogste berg van het land (vernoemd naar een Britse ontdekkingsreiziger)?Mount Stanley
67%
Welke mensachtige aap kan alleen gevonden worden in de DRC?Bonobo
67%
Wat is de valuta van de DRC?Frank
62%
Welk meer, het op één na grootste meer naar volume ter wereld, ligt tussen
de DRC en Tanzania?
{Tanganyika}meer
54%
Welke algemene term verwijst naar de extreem korte en zwaar vervolgde
stammen in en rond de DRC?
Pygmeeën
46%

Score Distributie

Percentiel op hoeveel beantwoord

Procent van mensen met elke score

Uw Scoregeschiedenis

U hebt deze quiz nog niet genomen